|
|
|
|
| LEADER |
00000nam a2200000 a 4500 |
| 001 |
vtls001090667 |
| 003 |
SK-MaSNL |
| 005 |
20260302094922.0 |
| 008 |
250414s1983 xo 0 slo |
| 015 |
|
|
|a SNBA1983/03
|
| 035 |
|
|
|a SNK000033509
|
| 040 |
|
|
|a SNK
|b slo
|c SNK
|e AACR2
|
| 041 |
0 |
|
|a slo
|
| 044 |
|
|
|a xo
|c SK
|
| 080 |
|
|
|a 54(075.8)(076.5)
|2 1981
|
| 080 |
|
|
|a 571.1(075.8)(076.5)
|2 1981
|
| 100 |
1 |
|
|a Barna, Konštantín,
|d 1925-2009
|4 aut
|9 201877
|
| 245 |
1 |
0 |
|a Praktikum z lekárskej chémie a biochémie
|b Pre študentov medicíny
|c Konštantín Barna
|
| 250 |
|
|
|a 2. preprac. vyd.
|
| 260 |
|
|
|a Košice
|b Univerzita P. J. Šafárika
|c 1983
|e Košice
|f Edičné stredisko UPJŠ
|
| 300 |
|
|
|a 272 s., 17,109 AH
|b Tb. Sch.
|c 29 cm
|
| 366 |
|
|
|e 400 výtl.
|
| 490 |
1 |
|
|a Vysokoškolské učebné texty
|
| 650 |
0 |
7 |
|a chémia
|2 SNKPH
|9 749
|
| 650 |
0 |
7 |
|a biochémia
|2 SNKPH
|9 696
|
| 655 |
|
7 |
|a učebnice vysokých škôl
|2 SNKPH
|9 70191
|
| 655 |
|
7 |
|a praktické cvičenia
|2 SNKPH
|9 70517
|
| 830 |
|
0 |
|a Vysokoškolské učebné texty
|9 276539
|
| 852 |
|
|
|a Slovenská národná knižnica
|
| 954 |
|
|
|a chémia
|a biochémia
|
| 958 |
|
|
|a OND
|
| 958 |
|
|
|a RM
|
| 958 |
|
|
|a UV
|
| 999 |
|
|
|c 1215021
|d 1216951
|
| 952 |
|
|
|t P60, <04>, [BOOK], {604}
|a SNK
|b SNK
|y VYP
|7 0
|p 17A0297191
|o snkSB 35110 D1
|0 0
|1 0
|4 0
|d 2001-04-10
|l 0
|r 2004-12-31 00:00:00
|w 2026-02-24
|
| 952 |
|
|
|a SNK
|b SNK
|y PREZ
|7 0
|p 17A0953428
|o snkSB 35110
|0 0
|1 0
|4 0
|d 2012-07-19
|f 1
|l 0
|r 2025-04-11 00:00:00
|w 2026-02-24
|